Triedny učiteľ - špecialista alebo manažér

Dokončenie článku z predchádzajúceho čísla, ktoré sa venuje roliam a činnostiam triedneho učiteľa. Spôsob práce, komunikácia a spolupráca triedneho učiteľa s učiteľským kolektívom, so žiakmi, rodičmi a rodinami.

Gespeichert in:
Bibliographische Detailangaben
1. Verfasser: Valent, Marián
Format: Buchkapitel
Sprache:Slowakisch
Schlagworte:
Tags: Tag hinzufügen
Keine Tags, Fügen Sie das erste Tag hinzu!

MARC

LEADER 00000naa a2200000 4500
001 0196376
005 20231127103345.8
041 0 |a slo 
044 |a SK 
245 1 0 |a Triedny učiteľ - špecialista alebo manažér  |c Marián Valent 
520 |a Dokončenie článku z predchádzajúceho čísla, ktoré sa venuje roliam a činnostiam triedneho učiteľa. Spôsob práce, komunikácia a spolupráca triedneho učiteľa s učiteľským kolektívom, so žiakmi, rodičmi a rodinami. 
610 2 0 |a školstvo 
610 2 0 |a vedenie 
610 2 0 |a riadenie 
610 2 0 |a manažment 
610 2 0 |a školy 
610 2 0 |a pedagogika 
610 2 0 |a didaktika 
610 2 0 |a učitelia 
610 2 0 |a žiaci 
100 1 |a Valent, Marián